00957nam a2200193 a 450000100100000000500170001000800410002702000180006804000250008610000280011124500740013924600800021326000720029330000110036550001050037658002270048160000330070865000220074100004244620201002040149.0131203s2007 sp 000 0 spa d a6798483470534 aDO-SdBNPbspacBNPHU1 aRidruejo Alonso, Emilio10aEl arte de la lengua de Chile de Luis de Valdivia /cEmilio Ridruejo.14aArte y gramática general de la lengua que corre en todo el reyno de Chile aMadrid :bAgencia Española de Cooperación Internacional,c2007. a197 p. aTítulo en la cubierta : Arte y gamática general de la lengua que corre en todo el reyno de Chile aEstudio del facsímil de : Arte y gramática general de la lengua que corre en todo el reyno de Chile con vocavulario y confesionario compuesto por el padre Luys de Valdivia, editado en un estuche junto con el facsímil2 aValdivia, Luis ded1561-1642 4aAraucano (lengua)